Designing the city : (Record no. 12264)

000 -LEADER
fixed length control field 01061cam a2200301 a 4500
003 - CONTROL NUMBER IDENTIFIER
control field OSt
005 - DATE AND TIME OF LATEST TRANSACTION
control field 20231120114702.0
008 - FIXED-LENGTH DATA ELEMENTS--GENERAL INFORMATION
fixed length control field 980820s1999 enka b 001 0 eng
020 ## - INTERNATIONAL STANDARD BOOK NUMBER
International Standard Book Number 9780419221104
040 ## - CATALOGING SOURCE
Original cataloging agency BMSCA
041 ## - LANGUAGE CODE
Language code of text/sound track or separate title Eng
082 00 - DEWEY DECIMAL CLASSIFICATION NUMBER
Classification number 307.121
Edition number 21
Item number FRE
100 1# - MAIN ENTRY--PERSONAL NAME
Personal name Frey, Hildebrand,
Dates associated with a name 1940-
245 10 - TITLE STATEMENT
Title Designing the city :
Remainder of title towards a more sustainable urban form /
Statement of responsibility, etc Hildebrand Frey.
260 ## - PUBLICATION, DISTRIBUTION, ETC. (IMPRINT)
Place of publication, distribution, etc London ;
-- New York :
Name of publisher, distributor, etc E & FN Spon,
Date of publication, distribution, etc 1999.
300 ## - PHYSICAL DESCRIPTION
Extent vii, 148 p. :
Other physical details ill. ;
Dimensions 28 cm.
504 ## - BIBLIOGRAPHY, ETC. NOTE
Bibliography, etc Includes bibliographical references and index.
650 #0 - SUBJECT ADDED ENTRY--TOPICAL TERM
Topical term or geographic name as entry element City planning
General subdivision Economic aspects.
650 #0 - SUBJECT ADDED ENTRY--TOPICAL TERM
Topical term or geographic name as entry element City planning
General subdivision Environmental aspects.
650 #0 - SUBJECT ADDED ENTRY--TOPICAL TERM
Topical term or geographic name as entry element Urban policy.
650 #0 - SUBJECT ADDED ENTRY--TOPICAL TERM
Topical term or geographic name as entry element Urban ecology (Sociology)
650 #0 - SUBJECT ADDED ENTRY--TOPICAL TERM
Topical term or geographic name as entry element City and town life.
650 #0 - SUBJECT ADDED ENTRY--TOPICAL TERM
Topical term or geographic name as entry element City planning
Geographic subdivision Scotland
-- Glasgow.
651 #0 - SUBJECT ADDED ENTRY--GEOGRAPHIC NAME
Geographic name Glasgow (Scotland)
General subdivision Social conditions.
651 #0 - SUBJECT ADDED ENTRY--GEOGRAPHIC NAME
Geographic name Glasgow (Scotland)
General subdivision Environmental conditions.
856 42 - ELECTRONIC LOCATION AND ACCESS
Materials specified Publisher description
Uniform Resource Identifier <a href="http://www.loc.gov/catdir/enhancements/fy0651/98031105-d.html">http://www.loc.gov/catdir/enhancements/fy0651/98031105-d.html</a>
942 ## - ADDED ENTRY ELEMENTS (KOHA)
Source of classification or shelving scheme
Holdings
Withdrawn status Lost status Source of classification or shelving scheme Damaged status Koha normalized classification for sorting Not for loan Permanent location Current location Date acquired Source of acquisition Cost, normal purchase price Full call number Barcode Date last seen Cost, replacement price Price effective from Koha item type
        307_121000000000000_FRE   BMS College of Architecture, Design and Planning BMS College of Architecture, Design and Planning 2023-11-20 1 4806.17 307.121 FRE AR-PG701 2023-11-20 6408.23 2023-11-20 PG Books
Copyright © 2025, The Librarian, Library and Information Centre, BMSCA D&P, Bengaluru. All Rights Reserved
web counter

Powered by Koha